00863 a2200193 4500003000500000005001700005010001600022020001500038040000900053082001200062245005800074250001100132260003100143300003400174500038800208538001900596650002700615700002700642Nust20170207153111.0 a 77007069 a0471022594 cNust00a620.11200aMechanics of materials /cArchie Higdon ... [et al.]. a3d ed. aNew York :bWiley,cc1978. axiv, 752 p. :bill. ;c24 cm. aAnalysis of Stress (Page-1) Analysis of Strain and The Stress (Page-63) Axial Loading Applications (Page-107) Torsional Loading (Page-169) Flexural Loading (Page-239) Flexural Loading Deflections (Page-347) Statically Indeterminate Beams (Page-409) Combined Statics Loading (Page-453) Columns (Page-499) Repeated Loading (Page-565) Dynamic Lading (Page-597) Connections (Page-625)  aAlmirah No.127 0aStrength of materials.1 aHigdon, Archie,d1905-